000 00686nam a2200241Ia 4500
003 OSt
005 20220928120750.0
006 a|||||r|||| 00| 0
007 ta
008 220927b |||||||| |||| 00| 0 eng d
024 _a70626
037 _cTextual
040 _aSDCL
_cSDCL
_beng
041 _2eng
_aeng
082 _aG9X:55, P6
100 _aThakur Indu Shekhar
_9451001
245 0 _aEnvironmental biotechnology
_b Basic concepts and applications.
260 _aNew Delhi
_bI K International
_c2006
300 _axii,472p
_ccm.
650 _aBiotechnology-environmental
942 _hG9X:55, P6
_cTEXL
_2CC
999 _c765127
_d765127